[Event "MSS-ch"]
[Site "CZE"]
[Date "1997.??.??"]
[Round "?"]
[White "Petrzela, P."]
[Black "Karhanek, P."]
[Result "0-1"]
[WhiteElo "1880"]
[BlackElo "2175"]

1.d4 d5 2.c4 c6 3.Nf3 Nf6 4.g3 Bf5 5.Bg2 h6 6.b3 e6 7.Bb2 Nbd7 8.O-O Be7
9.Nbd2 O-O 10.Ne5 Nxe5 11.dxe5 Nd7 12.e4 dxe4 13.Nxe4 Nc5 14.Qxd8 Raxd8 15.Ba3 Bxe4
16.Bxe4 Rd4 17.Bg2 Rfd8 18.Bc1 a6 19.Be3 Rd3 20.Rfe1 R3d7 21.Bxc5 Bxc5 22.Re2 Rd2
23.Kf1 Bb4 24.Bf3 Bc3 25.Rc1 Rxe2 26.Bxe2 Bxe5 27.Rc2 Kf8 28.h3 Ke7 29.Bf3 Bd4
30.Ke2 f5 31.g4 g6 32.gxf5 gxf5 33.Rc1 e5 34.Rg1 e4 35.Bh5 Kf6 36.Rg6+ Ke5
37.Rxh6 Bc3 38.Rh7 Rd2+ 39.Kf1 Bd4 40.Be2 f4 41.Re7+ Kf5 42.Bg4+ Kg5 43.Rxe4 Rxf2+
44.Ke1 Be3 45.Be2 Kh4 46.Re7 Kxh3 47.Rxb7 f3 48.Rh7+ Kg3 49.Rg7+ Kf4 50.Bd3 Bd4
51.Re7 c5 52.a4 Ra2 53.Kd1 f2 54.Re8 Bc3 55.Kc1 Bf6 56.Rf8 Ke3 57.Bf1 Ra1+
58.Kc2 Rxf1 59.Rxf6 Re1  0-1

[Event "CZE-chT2 9697"]
[Site "CZE"]
[Date "1997.??.??"]
[Round "?"]
[White "Stehlik, Jiri"]
[Black "Trojan, Lubos"]
[Result "1-0"]
[WhiteElo "2130"]
[BlackElo "2105"]

1.Nf3 d5 2.d4 c6 3.c4 Nf6 4.Qc2 g6 5.Bf4 Bf5 6.Qb3 Qb6 7.c5 Qxb3 8.axb3 Na6
9.Bd2 Ne4 10.Ba5 Bg7 11.e3 Nb8 12.Bc7 O-O 13.Be2 Nd7 14.O-O Rfc8 15.Bf4 Bg4
16.Re1 Bxf3 17.gxf3 Nef6 18.Nc3 Nh5 19.Bg5 e5 20.dxe5 Nxc5 21.Be7 Bf8 22.Bxf8 Kxf8
23.b4 Ne6 24.b5 f5 25.Ra4 Nc5 26.Ra3 cxb5 27.Bxb5 a6 28.Be2 Rd8 29.Rd1 Rd7
30.b4 Ne6 31.Rxd5 Rc7 32.Rd6 Nhg7 33.f4 Rd8 34.Rxd8+ Nxd8 35.b5 axb5 36.Nxb5 Rc2
37.Bf3 Rb2 38.Nd6 Nge6 39.Ra8 Ke7 40.Ra7 Nc5 41.Bd5 h6 42.h4 Kf8 43.Ra8 Ke7
44.h5 gxh5 45.Nxf5+ Kd7 46.Nxh6 Nd3 47.Ra2 Rb1+ 48.Kh2 Nb4 49.Rd2 Nxd5 50.Rxd5+ Ke8
51.f5 Rb6 52.Ng8 Nf7 53.Nf6+ Ke7 54.Rd7+ Kf8 55.e6  1-0

[Event "Moravia-chT 9798"]
[Site "CZE"]
[Date "1997.??.??"]
[Round "2.1"]
[White "Zpevak, Pavel"]
[Black "Sluka, Radek"]
[Result "0-1"]
[WhiteElo "2380"]
[BlackElo "2380"]

1.d4 d5 2.c4 c6 3.Nf3 Nf6 4.Qb3 dxc4 5.Qxc4 b5 6.Qc2 e6 7.Bg5 h6 8.Bxf6 gxf6
9.Nbd2 Bb7 10.e3 Nd7 11.Be2 a6 12.O-O f5 13.e4 fxe4 14.Nxe4 Qc7 15.Rac1 Qf4
16.a4 Rg8 17.Qd3 c5 18.Ng3 c4 19.Qd1 Bd6 20.Re1 h5 21.h4 Nf6 22.Ne5 Bxe5
23.dxe5 Rd8 24.Qc2 Rd2 25.Qc3 Ne4 26.Qf3 Qxh4 27.Qxh5 Qf4 28.Qf3 Qh4 29.Qh5 Qxh5
30.Nxh5 Rg5 31.Bf3 Nxf2 32.Nf6+ Ke7 33.Bxb7 Nd3 34.Rcd1 Rxb2 35.Rxd3 Rxe5
36.Rd7+ Kxf6 37.Rf1+ Kg6 38.Rdxf7 Rf5 39.Be4 Kxf7 40.Bxf5 exf5 41.Rxf5+ Ke6  0-1

[Event "CZE-chT 9697"]
[Site "CZE"]
[Date "1997.??.??"]
[Round "2"]
[White "Lechtynsky, Jiri"]
[Black "Pisk, Petr"]
[Result "1-0"]
[WhiteElo "2425"]
[BlackElo "2305"]

1.d4 d5 2.c4 c6 3.Nf3 Nf6 4.Qc2 e6 5.Bf4 Nbd7 6.e3 Be7 7.h3 O-O 8.Nc3 dxc4
9.Bxc4 c5 10.dxc5 Bxc5 11.O-O a6 12.Rfd1 b5 13.Bd3 Bb7 14.Ne5 g6 15.Nxd7 Nxd7
16.Nxb5 e5 17.Bh6 Re8 18.Nc3 Ra7 19.Be4 Bc8 20.g3 Qe7 21.Rac1 f5 22.Bc6 Bd6
23.Qb3+ Kh8 24.Rxd6 Qxd6 25.Qf7 Rg8 26.Bd5 Nf6 27.Qxa7 Nxd5 28.Nxd5  1-0

[Event "CZE-chT 9697"]
[Site "CZE"]
[Date "1997.??.??"]
[Round "6"]
[White "Vozka, Pavel"]
[Black "Vavra, Pavel"]
[Result "1/2-1/2"]
[WhiteElo "2275"]
[BlackElo "2390"]

1.d4 d5 2.c4 c6 3.Nf3 dxc4 4.a4 e6 5.g3 c5 6.Bg2 Nc6 7.e3 cxd4 8.exd4 Bb4+
9.Nc3 Nf6 10.O-O O-O 11.Qe2 Nxd4 12.Qxc4 Nxf3+ 13.Bxf3 Qa5 14.Bf4 Nd7 15.Bc7 Qf5
16.Bg2 Be7 17.Rfe1 Re8 18.a5  1/2-1/2

[Event "CZE-chT 9697"]
[Site "CZE"]
[Date "1997.??.??"]
[Round "7"]
[White "Mozny, Milos"]
[Black "Vavra, Pavel"]
[Result "0-1"]
[WhiteElo "2405"]
[BlackElo "2390"]

1.d4 d5 2.Nf3 c6 3.c4 dxc4 4.a4 e6 5.e3 b5 6.b3 Bb4+ 7.Bd2 Bxd2+ 8.Nfxd2 e5
9.axb5 exd4 10.Bxc4 dxe3 11.fxe3 Qh4+ 12.g3 Qe7 13.Qf3 Bb7 14.Nc3 Nf6 15.bxc6 Bxc6
16.Bb5 O-O 17.Bxc6 Nxc6 18.O-O Ne5 19.Qe2 Qb4 20.Nb5 Rad8 21.Nd4 Rfe8 22.Rxa7 Rxd4
23.exd4 Nc6 24.Qc4 Qxc4 25.bxc4 Nxa7 26.d5 Nc8 27.Ra1 Kf8 28.Ra6 Re2 29.Nf3 Re4
30.Rc6 Ne7 31.Rc5 Nf5 32.Rc8+ Ke7 33.Rc7+ Kd8 34.Rxf7 Rxc4 35.Ng5 Ke8 36.Ra7 Ng4
37.Ne6 Nfe3 38.Nxg7+ Kd8 39.Ne6+ Kc8 40.Ra1 Rc2 41.Nf4 Nxh2 42.Kh1  0-1

[Event "Fourmies op"]
[Site "Fourmies"]
[Date "1997.??.??"]
[Round "4"]
[White "Raetsky, Alexander"]
[Black "Gurevich, Mikhail"]
[Result "0-1"]
[WhiteElo "2440"]
[BlackElo "2585"]

1.d4 d5 2.c4 c6 3.Nf3 Nf6 4.Qc2 dxc4 5.Qxc4 Bf5 6.g3 e6 7.Bg2 Be7 8.O-O O-O
9.Nc3 Nbd7 10.e3 Ne4 11.Qe2 Nxc3 12.bxc3 Be4 13.c4 Qa5 14.Bb2 Rfd8 15.Rfd1 Qh5
16.h3 Rac8 17.Rac1 c5 18.g4 Qh6 19.Nd2 Bxg2 20.Kxg2 cxd4 21.exd4 Nf8 22.Qf3 Ng6
23.Kf1 f5 24.Nb3 Rf8 25.Rc2 Nf4 26.Bc1 Qxh3+ 27.Qxh3 Nxh3 28.gxf5 Rxf5 29.Kg2 Nf4+
30.Bxf4 Rxf4 31.c5 b6 32.Re1 Kf7 33.Rce2 bxc5 34.Rxe6 Bh4 35.dxc5 Rxf2+ 36.Kh3 Rf4
37.R1e3 Rc7 38.Ra6 Bf6 39.Rd3 Rc4 40.Kg3  0-1

[Event "FRA-chT9697 groupe A"]
[Site "France"]
[Date "1997.??.??"]
[Round "2"]
[White "Szabolcsi, Janos"]
[Black "Rausis, Igors"]
[Result "0-1"]
[WhiteElo "2470"]
[BlackElo "2410"]

1.d4 d5 2.c4 c6 3.Nf3 dxc4 4.e3 Be6 5.a4 Nf6 6.Na3 c5 7.Nxc4 Nc6 8.Nce5 cxd4
9.Bb5 dxe3 10.Bxe3 Qxd1+ 11.Rxd1 a6 12.Bxc6+ bxc6 13.Nxc6 Bd5 14.Rc1 Rc8
15.Nfd4 Bxg2 16.Rg1 Bd5 17.Ke2 e6 18.f4 Bd6 19.Rxg7 Nh5 20.Rg4 f5 21.Rh4 Nf6
22.Rh6 Ng4 23.Rh3 Kd7 24.Ne5+ Nxe5 25.Rxc8 Kxc8 26.fxe5 Bxe5 27.Rh5 Rg8 28.Kd3 Rg7
29.b4 Be4+ 30.Ke2 Kd7 31.h4 Kd6 32.Rh6 Rg6 33.Rxg6 hxg6 34.b5 Bxd4 35.Bxd4 axb5
36.axb5 e5 37.Bb2 f4 38.b6 Ke6 39.Bc3 Kf5 40.Bb2 Bb7 41.Bc3 e4 42.Bb4 Ba6+
43.Kf2 Kg4  0-1

[Event "FRA-chT9697 groupe B"]
[Site "France"]
[Date "1997.??.??"]
[Round "3"]
[White "Piankov, Evgenij"]
[Black "Neron de Surgy, Gilles"]
[Result "1-0"]
[WhiteElo "2415"]
[BlackElo "2210"]

1.d4 d5 2.Nf3 Nf6 3.c4 c6 4.Qc2 dxc4 5.Qxc4 Bf5 6.Nc3 e6 7.Bg5 Be7 8.a3 Nbd7
9.e3 O-O 10.Be2 Rc8 11.O-O h6 12.Bh4 a6 13.b4 a5 14.Rfc1 axb4 15.axb4 Nb6
16.Qb3 Nbd5 17.Bxf6 Nxc3 18.Rxc3 Bxf6 19.Rac1 Qd7 20.h3 Be4 21.Nd2 Bd5 22.Bc4 b5
23.Bxd5 cxd5 24.Nf3 Rc4 25.Ne1 Ra8 26.Nd3 Qd6 27.Nc5 Qb6 28.Nd7 Qa7 29.Nxf6+ gxf6
30.Qd1 Qa4 31.Qg4+ Kh7 32.Rxc4 bxc4 33.e4 dxe4 34.Qxe4+ f5 35.Qb7 Ra7 36.Qb6 Ra6
37.Qc7 Ra7 38.Qxc4 Rb7 39.Rb1 Rb5 40.Kh2 Qa6 41.Rb3 Qd6+ 42.Kg1 Qd7 43.Rg3 Qb7
44.d5 Rxd5 45.Qh4 Qc8 46.Qe7 Rd7 47.Qf6 Qf8 48.b5 Rd1+ 49.Kh2 Rb1 50.Qe5 Rb4
51.Rd3 Qe8 52.Qf6 Rxb5 53.Rd8 Qxd8 54.Qxd8 Kg7 55.Qd4+ Kg6 56.Qh8 f4 57.Qg8+ Kf6
58.Qh7 h5 59.Qh6+ Ke7 60.Qxf4 Rf5 61.Qc7+ Kf6 62.f3 Kg6 63.Qg3+ Rg5 64.Qf4 Rf5
65.Qe4 Kg7 66.g4 hxg4 67.fxg4 Rd5 68.h4 Rb5 69.Qd4+ Kg8 70.Qf6 Rb4 71.Qg5+  1-0

[Event "FRA-chT9697 groupe B"]
[Site "France"]
[Date "1997.??.??"]
[Round "4"]
[White "Forintos, Gyozo V"]
[Black "Neron de Surgy, Gilles"]
[Result "1-0"]
[WhiteElo "2400"]
[BlackElo "2210"]

1.d4 d5 2.c4 c6 3.Nf3 Nf6 4.Qc2 dxc4 5.Qxc4 Bf5 6.Nc3 e6 7.g3 Be7 8.Bg2 O-O
9.O-O Nbd7 10.a3 Ne4 11.Rd1 Bf6 12.Ne1 Nxc3 13.bxc3 e5 14.e4 Bg4 15.Bf3 Be6
16.Qe2 Qa5 17.d5 cxd5 18.exd5 Bf5 19.Bg4 Bxg4 20.Qxg4 Qxc3 21.Be3 Qc8 22.Rac1 Qd8
23.d6 b6 24.Rc7 Nc5 25.Bxc5 bxc5 26.Rxc5 Qb6 27.Rcd5 g6 28.Nd3 Qb3 29.Nc5 Qxa3
30.Nd7 Bg7 31.Nxf8 Bxf8 32.Qg5 h6 33.Qxe5 Rd8 34.d7 Qe7 35.Qc7 Bg7 36.Rc1  1-0

[Event "FRA-chT9697 groupe A"]
[Site "France"]
[Date "1997.??.??"]
[Round "5"]
[White "Rausis, Igors"]
[Black "Fontaine, Robert"]
[Result "1/2-1/2"]
[WhiteElo "2470"]
[BlackElo "2320"]

1.d4 d5 2.Nf3 Nf6 3.c4 c6 4.Qc2 dxc4 5.e4 b5 6.b3 cxb3 7.axb3 e6 8.Bd2 a5
9.Bd3 Bb7 10.O-O Be7 11.Nc3  1/2-1/2

[Event "Frydek-Mistek op-B"]
[Site "Frydek-Mistek"]
[Date "1997.??.??"]
[Round "7"]
[White "Lepik, Jaroslav"]
[Black "Drozdov, Alexandre"]
[Result "0-1"]
[WhiteElo "2115"]
[BlackElo "2250"]

1.d4 d5 2.Nf3 c6 3.c4 dxc4 4.e3 b5 5.a4 e6 6.b3 cxb3 7.axb5 Qd5 8.bxc6 Nxc6
9.Nc3 Bb4 10.Bd2 Bxc3 11.Bxc3 Rb8 12.Bd3 Nf6 13.O-O O-O 14.Qe2 Ne4 15.Bb2 Bd7
16.Bc4 Qh5 17.Ra3 Rb4 18.Qd3 Na5 19.Ne5 Nxc4 20.Nxd7 Qd5 21.Bc3 Rb7 22.Nxf8 Nxa3
23.f3 Nxc3 24.Qxc3 Kxf8 25.e4 Qc4 26.Qb2 Nc2 27.Rd1 Qe2 28.Rc1 Qe3+ 29.Kh1 Qxc1+  0-1

[Event "BL2-W9697"]
[Site "Germany"]
[Date "1997.??.??"]
[Round "?.1"]
[White "Telljohann, Sven"]
[Black "Chernin, Alexander"]
[Result "0-1"]
[WhiteElo "2415"]
[BlackElo "2635"]

1.d4 Nf6 2.Nf3 d5 3.c4 c6 4.Nbd2 e6 5.e3 c5 6.dxc5 Bxc5 7.a3 a5 8.cxd5 exd5
9.Bb5+ Nc6 10.Ne5 Qb6 11.Qa4 O-O 12.Nxc6 bxc6 13.Bxc6 Ba6 14.Bxa8 Bxe3 15.Qc6 Bxd2+
16.Bxd2 Qxb2 17.Rc1 Re8+ 18.Qxe8+ Nxe8 19.a4 Nd6 20.h4 Ne4 21.Rd1 Qd4 22.Be3 Qc3+  0-1

[Event "Landesliga Sued 9697 Bayern"]
[Site "Germany"]
[Date "1997.??.??"]
[Round "?"]
[White "Lechtynsky, Jiri"]
[Black "Terzic, Safet"]
[Result "1/2-1/2"]
[WhiteElo "2425"]
[BlackElo "2320"]

1.Nf3 Nf6 2.c4 c6 3.d4 d5 4.Qc2 g6 5.e3 Bg7 6.Bd3 O-O 7.O-O Nbd7 8.Nc3 e6
9.Rd1 Qe7 10.b3 e5 11.cxd5 Nxd5 12.Nxd5 cxd5 13.dxe5 Nxe5 14.Nxe5 Qxe5 15.Ba3 Bg4
16.Bxf8 Bxd1 17.Rxd1 Bxf8 18.Be2 Rd8 19.Bf3 d4 20.exd4 Rxd4 21.Bxb7 Qc7 22.Be4 Qxc2
23.Bxc2 Rxd1+ 24.Bxd1 Bd6 25.Kf1 Kf8 26.Ke2 Ke7 27.h3 h5 28.g3 g5 29.Kd3 h4
30.g4 Bc5 31.f3 Kd6 32.Ke4 f6 33.Be2 Ba3 34.f4 Bc1 35.fxg5 fxg5 36.b4 Bd2
37.Kf5 Kc7 38.a4 Kb8 39.a5 Be3 40.b5 Bd2 41.Bf3 Be3  1/2-1/2

[Event "Oberliga Ost A9798"]
[Site "Germany"]
[Date "1997.??.??"]
[Round "?.1"]
[White "Roeber, Bjoern"]
[Black "David, Rene"]
[Result "1-0"]
[WhiteElo "2265"]
[BlackElo "2260"]

1.d4 d5 2.c4 c6 3.Nf3 Nf6 4.Qc2 e6 5.g3 dxc4 6.Bg2 Bb4+ 7.Bd2 Bxd2+ 8.Nbxd2 b5
9.O-O O-O 10.Rfd1 Bb7 11.b3 cxb3 12.axb3 Qe7 13.e4 Nfd7 14.e5 c5 15.Ng5 Qxg5
16.Bxb7 Nb6 17.dxc5 Qe7 18.Qe4 N8d7 19.Bxa8 Nxc5 20.Qb4 Rxa8 21.Ne4 Rc8 22.Nxc5 Rxc5
23.Rxa7 Qf8 24.Qxc5  1-0

[Event "Oberliga Nord O9697"]
[Site "Germany"]
[Date "1997.??.??"]
[Round "?"]
[White "Steinert, Marc"]
[Black "Mueller, Werner2"]
[Result "0-1"]
[WhiteElo "2210"]
[BlackElo "2200"]

1.d4 Nf6 2.c4 c6 3.Nf3 d5 4.Qc2 e6 5.g3 Be7 6.Bg2 O-O 7.O-O Nbd7 8.b3 Ne4
9.Ba3 b6 10.Bxe7 Qxe7 11.Nbd2 Nxd2 12.Nxd2 Ba6 13.Rfe1 f5 14.Rac1 Rac8 15.Qb2 Qb4
16.e3 Rfd8 17.Red1 Qe7 18.b4 Bb7 19.Nf3 dxc4 20.Rxc4 c5 21.bxc5 Bd5 22.Ra4 bxc5
23.Rxa7 Ra8 24.Rxa8 Rxa8 25.Ra1 Qd6 26.a4 Qc6 27.Ne5 Nxe5 28.Bxd5 Qxd5 29.dxe5 h5
30.h4 Rxa4 31.Qb8+ Kh7 32.Rxa4 Qd1+ 33.Kg2 Qa1 34.Qb6 Qxa4 35.Qxc5 Qe8 36.Qd6  0-1

[Event "BL9798 (Women)"]
[Site "Germany"]
[Date "1997.??.??"]
[Round "?.1"]
[White "Horvath, Maria"]
[Black "Olbrich, Marina"]
[Result "0-1"]
[WhiteElo "2060"]
[BlackElo "2305"]

1.d4 d5 2.c4 c6 3.Nf3 Nf6 4.Qc2 g6 5.e3 Bf5 6.Qb3 Qb6 7.c5 Qc7 8.Qa4 Nbd7
9.b4 Bg7 10.Bb2 O-O 11.Be2 b5 12.Qa6 Ne4 13.Nbd2 Nb6 14.Qa5 Qb8 15.Rc1 Nc4
16.Nxc4 bxc4 17.a4 Qb7 18.Nd2 Nxd2 19.Kxd2 Rfb8 20.Bc3 Bf6 21.b5 cxb5 22.axb5 Qxb5
23.Qxb5 Rxb5 24.Ra1 a6 25.f3 Bd7 26.e4 e6 27.f4 Bd8 28.exd5 exd5 29.Bf3 Bc6
30.Rhe1 Bc7 31.g3 Kf8 32.Re2 a5  0-1

[Event "BL2-N9697"]
[Site "Germany"]
[Date "1997.??.??"]
[Round "?.4"]
[White "Studeny, Steffen"]
[Black "Fette, Martin"]
[Result "1/2-1/2"]
[WhiteElo "2235"]
[BlackElo "2340"]

1.d4 d5 2.Nf3 Nf6 3.c4 c6 4.Qc2 g6 5.Bf4 Bg7 6.e3 O-O 7.Be2 Bf5 8.Qb3 Bxb1
9.Rxb1 Qa5+ 10.Nd2 Nbd7 11.Rd1 dxc4 12.Bxc4 Nh5 13.Bg3 Nxg3 14.hxg3 e5 15.dxe5 Nxe5
16.O-O Rad8 17.Nf3 Nxc4 18.Qxc4 Rxd1 19.Rxd1 Rd8 20.Rxd8+ Qxd8 21.Qc2 Qa5
22.b3 Qc3 23.Qxc3 Bxc3 24.Kf1 f6 25.Ke2 Kf7 26.Kd3 Ba5 27.Kc4 Bb6 28.b4 Ke6
29.Nd2 Bc7 30.Ne4 Bd6 31.a4 Be7 32.g4 Ke5  1/2-1/2

[Event "BL2-S9798"]
[Site "Germany"]
[Date "1997.??.??"]
[Round "?.7"]
[White "Jauernig, Udo"]
[Black "Mueller, Marcus"]
[Result "1/2-1/2"]
[WhiteElo "2235"]
[BlackElo "2025"]

1.d4 Nf6 2.c4 c6 3.Nf3 d5 4.Qc2 g6 5.e3 Bf5 6.Bd3 Bxd3 7.Qxd3 Bg7 8.O-O O-O
9.Nc3 Nbd7 10.b3 Re8 11.cxd5 cxd5 12.Bb2 Qb6 13.Rac1 Rac8 14.Rc2 Qd6 15.Rfc1 Qb8
16.a4 e6 17.Ba3 Rc6 18.a5 Rec8 19.b4 Bf8 20.b5 Rc4 21.Bxf8 Kxf8 22.Nd2 R4c7
23.h3 Kg7 24.Na4 Rxc2 25.Rxc2 Rc7 26.b6 axb6 27.axb6 Rxc2 28.Qxc2 Qd6 29.Qb3 Qc6
30.Kh2 Ne8 31.Qb4 Nd6 32.Nb3 Nc4 33.Na5 Nxa5 34.Qxa5 Qc2 35.Nc5 Nf6 36.f3 Qf2
37.Qc3 Nh5 38.Qc1 Ng3 39.Qg1 Nf1+ 40.Kh1 Ng3+ 41.Kh2 Nf1+ 42.Kh1 Qxg1+ 43.Kxg1 Nxe3
44.Nxb7 Nc4 45.Kf2 Nxb6 46.Ke3 Kf8 47.Nc5 Ke7 48.g4 h6 49.h4 Nc4+ 50.Kf4 f6
51.Nd3 Na3 52.Nb4 Kd6 53.Ke3 Nc4+ 54.Kd3 e5 55.Na2 exd4 56.Kxd4 Ne5 57.Ke3 Kc5
58.Nc1 d4+ 59.Ke4 Kc4 60.g5 fxg5 61.hxg5 h5 62.Kxe5 h4 63.Kf4 Kc3 64.Kg4 Kc2
65.Na2 Kb3 66.Nc1+ Kc2 67.Na2 Kb3 68.Nc1+  1/2-1/2

[Event "Oberliga Ost B9798"]
[Site "Germany"]
[Date "1997.??.??"]
[Round "?.1"]
[White "Grabarczyk, Miroslaw"]
[Black "Savchenko, Stanislav"]
[Result "1/2-1/2"]
[WhiteElo "2480"]
[BlackElo "2565"]

1.d4 d5 2.c4 c6 3.Nf3 Nf6 4.Qc2 dxc4 5.Qxc4 Bf5 6.g3 e6 7.Bg2 Nbd7 8.O-O Nb6
9.Qb3 Qd5 10.Nc3 Qxb3 11.axb3 Bc2 12.Ne5 Bb4 13.Nc4 O-O 14.Na4 Bxb3 15.Bd2 Bxd2
16.Naxb6 axb6 17.Nxd2 Ba4 18.Nc4 Bb5 19.b3 Nd5 20.Rfc1 Nc7 21.Kf1 Bxc4 22.bxc4 b5
23.d5 bxc4 24.dxc6 b5 25.Ke1 Rfd8 26.Rxa8 Rxa8 27.Kd2 Kf8 28.Kc3 Ke7 29.Kb4 Rd8
30.Rc2 f5 31.Kc5 Rb8 32.Ra2 Ra8 33.Rd2 Rd8 34.Ra2 Ra8 35.Rd2 Rd8 36.Ra2 Ra8  1/2-1/2

[Event "BL2-N9697"]
[Site "Germany"]
[Date "1997.??.??"]
[Round "?.3"]
[White "Paulsen, Dirk"]
[Black "Glienke, Manfred"]
[Result "1-0"]
[WhiteElo "2365"]
[BlackElo "2390"]

1.d4 d5 2.c4 c6 3.Nf3 Nf6 4.Qb3 Qb6 5.Nc3 e6 6.c5 Qxb3 7.axb3 Nfd7 8.Bf4 f6
9.e3 g5 10.Bg3 Bg7 11.b4 O-O 12.Bd6 Re8 13.Be2 g4 14.Nh4 f5 15.h3 Nf6 16.b5 Nbd7
17.b4 gxh3 18.Rxh3 Nf8 19.Rg3 Bd7 20.bxc6 bxc6 21.Ra6 Rec8 22.Be5 Kf7 23.b5 Ng6
24.Nxg6 hxg6 25.b6  1-0

[Event "BL2-N9798"]
[Site "Germany"]
[Date "1997.??.??"]
[Round "1.7"]
[White "Paulsen, Dirk"]
[Black "Bornemann, Wolfram"]
[Result "1/2-1/2"]
[WhiteElo "2355"]
[BlackElo "2265"]

1.d4 d5 2.c4 c6 3.Nf3 Nf6 4.Qb3 dxc4 5.Qxc4 Bf5 6.Nc3 e6 7.g3 Nbd7 8.Bg2 Be7
9.O-O O-O 10.e3 Ne4 11.a4 Nxc3 12.bxc3 Be4 13.a5 b5 14.Qe2 a6 15.c4 Rc8 16.Rd1 Qc7
17.Bb2 Rfd8 18.Rdc1 Qb7 19.c5 Qc7 20.Bh3 Re8 21.Nd2 Bg6 22.f4 Nf8 23.e4 f6
24.e5 f5 25.Nf1 Bd8 26.Ne3 Qf7 27.Bg2 Bh5 28.Qd2 Kh8 29.Nc2 Nd7 30.Nb4 Nb8
31.Rf1 Rg8 32.Qe3 Be7 33.Kh1 h6 34.Qb3 Be2 35.Rf2 Bc4 36.Qc2 Bd8 37.Bf3 Qd7
38.g4 g6 39.Rg2 Bc7 40.Qf2 Bd5 41.Bc3 Bxf3 42.Qxf3 Kh7 43.Rg3 Rcf8 44.Rh3 Bd8
45.d5 cxd5 46.Rd1 fxg4 47.Qxg4 Qf7 48.Nxd5 exd5 49.Rxh6+ Kxh6 50.Qh3+ Kg7
51.e6+ Qf6 52.Rxd5 Bxa5 53.Bxf6+ Rxf6 54.e7 Re8 55.Rd6 Bc7 56.Qc3 Bxd6 57.cxd6 Kf7
58.Qb3+ Re6 59.Qd5 Kf6 60.h4 Re2 61.h5 Re1+ 62.Kg2 gxh5 63.Kf2 R1xe7 64.Qg5+ Kf7
65.Qf5+ Kg7 66.dxe7 Rxe7 67.Qg5+ Kf7 68.Qxh5+ Kg7 69.Qg5+ Kf7 70.Qd5+ Kf8
71.Qa8 Re8 72.Qb7 Rd8 73.Qc7 Ke8 74.f5 Nd7 75.Qc6 Rb8 76.Qe6+ Kd8 77.f6 Rb6
78.Qe7+ Kc7 79.f7 Rb8 80.Ke2 a5 81.Kd3 a4 82.Qe3 Kc6 83.Kc2 Kd6 84.Qe8 Rb7
85.Kb2 Kc7 86.f8=Q Nxf8 87.Qxf8 b4 88.Qc5+ Kb8 89.Ka2 b3+ 90.Kb2 Ka8 91.Qa5+ Kb8
92.Qxa4 Kc7  1/2-1/2

[Event "NRW-Liga 9798"]
[Site "Germany"]
[Date "1997.??.??"]
[Round "3.6"]
[White "Brenke, Andreas"]
[Black "Petzold, Klaus"]
[Result "1/2-1/2"]
[WhiteElo "2275"]
[BlackElo "2235"]

1.d4 d5 2.c4 c6 3.Nf3 Nf6 4.Qc2 dxc4 5.e4 Bg4 6.Nbd2 Qa5 7.Ne5 Nbd7 8.Nxg4 Nxg4
9.Bxc4 e6 10.O-O Be7 11.Bd3 Qc7 12.Nf3 e5 13.h3 Ngf6 14.Be3 O-O 15.Nh4 exd4
16.Bxd4 Ng4 17.Nf3 Nge5 18.Nxe5 Nxe5 19.Be2 Rfd8 20.Rad1 Rf8 21.Qc3 f6 22.Rd2 Rfd8
23.Rfd1 b6 24.b4 Bd6 25.b5 c5 26.Be3 Ng6 27.Bg4 Nf8 28.Rd5 Be7 29.Qd2 Kh8
30.Bf4 Rxd5 31.Qxd5 Qd8 32.Qb7 Qe8 33.Bg3 c4 34.Qc6 Bc5 35.Rc1 Ng6 36.Rxc4 Ne5
37.Qxe8+ Rxe8 38.Ra4 Re7 39.Be2 Rd7 40.Kf1 Kg8 41.f4 Nd3 42.e5 Nb2 43.Re4 f5
44.e6 Re7 45.Re5 Bd6 46.Re3 Rc7 47.Rb3 Rc1+ 48.Kf2 Kf8 49.Bh4 Rc2 50.Kf3 g6
51.Bf6 Nc4 52.Bxc4 Rxc4 53.g3 Rc2 54.Rd3 Be7 55.Rc3 Rxc3+ 56.Bxc3 Bc5 57.Bf6 Be7
58.Be5 Bc5  1/2-1/2

[Event "NRW-Liga II 9697"]
[Site "Germany"]
[Date "1997.??.??"]
[Round "7.1"]
[White "Schulenburg, Peter"]
[Black "Pieper Emden, Carsten"]
[Result "1-0"]
[WhiteElo "2300"]
[BlackElo "2345"]

1.d4 d5 2.Nf3 Nf6 3.c4 c6 4.g3 dxc4 5.Bg2 b5 6.O-O Bb7 7.Nc3 Nbd7 8.e4 e6
9.e5 Nd5 10.Bg5 Nxc3 11.bxc3 Qc7 12.a4 Nb6 13.Nd2 Nd5 14.Ne4 a5 15.Qh5 h6
16.Rae1 Rg8 17.Nd6+ Bxd6 18.exd6 Qxd6 19.Bh3 Bc8 20.Bd2 b4 21.Re5 Ra7 22.Rfe1 Kd8
23.Qe2 bxc3 24.Bc1 Re8 25.Qxc4 Ba6 26.Qa2 Rd7 27.Ba3 Qb8 28.Bg2 Bd3 29.Bxd5 cxd5
30.R5e3 Bc4 31.Qa1 Rb7 32.Qxc3 Qc7 33.Qc2 g6 34.h4 h5 35.Rb1 Rxb1+ 36.Qxb1 Kd7
37.Re1 Rb8 38.Qc1 Bd3 39.Qg5 Kc8 40.Rc1 Rb1 41.Rxb1 Bxb1 42.Qh6 Bc2 43.Qf8+ Kb7
44.Bd6 Qc6 45.Qxf7+ Ka6 46.Bc5 Bxa4 47.Qxg6 Qe8 48.Qh7 Bd7 49.g4 hxg4 50.h5 e5
51.dxe5 g3 52.f4 Kb5 53.Bd6 Kb6 54.Kg2 Qe6 55.Qb1+ Ka7 56.f5 Qxf5 57.Bc5+ Ka8
58.Qxf5 Bxf5 59.Kxg3 Kb7 60.Kf4 Be4 61.Kg5 Kc6 62.Bd4 Kd7 63.Kf6 Ke8 64.Kg7 a4
65.h6 a3 66.h7 Bxh7 67.Kxh7 Kf7 68.Kh6 Ke6 69.Kg5  1-0

[Event "Dov Porath mem"]
[Site "Givatayim"]
[Date "1997.??.??"]
[Round "1"]
[White "Greenfeld, Alon"]
[Black "Rabinovich, Alexander"]
[Result "1-0"]
[WhiteElo "2520"]
[BlackElo "2350"]

1.d4 d5 2.c4 c6 3.Nf3 dxc4 4.e3 b5 5.a4 e6 6.b3 Bb4+ 7.Bd2 Bxd2+ 8.Nfxd2 a5
9.bxc4 b4 10.Qg4 g6 11.Be2 Nf6 12.Qg5 Nbd7 13.Nb3 Qe7 14.N1d2 e5 15.O-O Nd5
16.Qxe7+ Nxe7 17.c5 Ba6 18.Bc4 Bc8 19.Ne4 O-O 20.Rfe1 Ra7 21.Nd6 Nd5 22.Bxd5 cxd5
23.Nb5 Ra8 24.Nc7 Ra7 25.Nxd5 Kg7 26.Ne7 exd4 27.exd4 Nf6 28.d5 Re8 29.d6 Kf8
30.Nc6 Rxe1+ 31.Rxe1 Ra6 32.Ne5 Bd7 33.Nxd7+ Nxd7 34.Re7 Nb8 35.Nd4 Ra8 36.Rb7 Na6
37.c6 Re8 38.g3 Nc5 39.Rb5 Ne6 40.Nxe6+ Rxe6 41.c7  1-0

[Event "Groningen op"]
[Site "Groningen"]
[Date "1997.??.??"]
[Round "1"]
[White "Tregubov, Pavel V"]
[Black "Willemze, Jeroen"]
[Result "1-0"]
[WhiteElo "2550"]
[BlackElo "2270"]

1.d4 d5 2.c4 c6 3.Nf3 Nf6 4.Qc2 dxc4 5.Qxc4 Bf5 6.g3 Nbd7 7.Bg2 e6 8.O-O Be7
9.Nc3 O-O 10.e3 Qa5 11.Bd2 e5 12.e4 Be6 13.Qe2 exd4 14.Nd5 Qd8 15.Nxe7+ Qxe7
16.Nxd4 Rfe8 17.Rfe1 Bg4 18.f3 Be6 19.Bc3 a6 20.f4 Bg4 21.Qf1 Nc5 22.e5 Nd5
23.f5 Qg5 24.h3 Bxh3 25.Bxh3 Nxc3 26.bxc3 Qxg3+ 27.Qg2 Qxc3 28.Rad1 Nd3 29.Re3 Qxd4
30.Rxd3 Qa1+ 31.Qf1 Qxf1+ 32.Kxf1 Rad8 33.e6 f6 34.Rd7 b5 35.Bg2 Rc8 36.Be4 a5
37.Rg3 g5 38.Rh3 Rcd8 39.Rdxh7 Kf8 40.e7+  1-0

[Event "Groningen op"]
[Site "Groningen"]
[Date "1997.??.??"]
[Round "1"]
[White "Istratescu, Andrei"]
[Black "Schlecht, Daniel"]
[Result "1-0"]
[WhiteElo "2550"]
[BlackElo "2270"]

1.d4 d5 2.c4 c6 3.Nf3 Nf6 4.Qb3 dxc4 5.Qxc4 Bf5 6.Nc3 e6 7.g3 Be7 8.Bg2 Nbd7
9.O-O O-O 10.e3 Ne4 11.Rd1 Rc8 12.Qe2 c5 13.Ne5 Nxc3 14.bxc3 Nxe5 15.dxe5 Qc7
16.e4 Bg6 17.f4 Rfd8 18.Rf1 Qd7 19.Qg4 f5 20.exf6 Bxf6 21.Qf3 e5 22.fxe5 Bxe5
23.Bf4 Qe6 24.h4 c4 25.Rad1 Rxd1 26.Rxd1 Re8 27.Kh2 Qf6 28.Bxe5 Qxe5 29.Qe3 b6
30.Rd4 b5 31.a4 a6 32.axb5 axb5 33.Qd2 Bf7 34.Rd6 Bg6 35.Rd5 Qf6 36.Qe3 Qe6
37.e5 Qc6 38.Qd4 Bf7 39.Rd6 Qc7 40.Bc6 Rf8 41.e6  1-0

[Event "Groningen op"]
[Site "Groningen"]
[Date "1997.??.??"]
[Round "7"]
[White "Tennstedt, Andreas"]
[Black "Willemze, Jeroen"]
[Result "1-0"]
[WhiteElo "2215"]
[BlackElo "2270"]

1.d4 d5 2.c4 c6 3.Nf3 Nf6 4.Qc2 dxc4 5.e4 b5 6.b3 Qa5+ 7.Bd2 cxb3 8.axb3 Qxa1
9.Bxb5 Nbd7 10.Ba4 Nxe4 11.Qxe4 Qa2 12.O-O e6 13.Qxc6 Rb8 14.Ne5  1-0

[Event "HUN-chT2 9798"]
[Site "HUN"]
[Date "1997.??.??"]
[Round "?"]
[White "Kovacs, Janos"]
[Black "Bugyinszki, Istvan"]
[Result "0-1"]
[WhiteElo "2260"]
[BlackElo "2285"]

1.d4 d5 2.Nf3 c6 3.c4 dxc4 4.e3 b5 5.a4 e6 6.b3 Bb4+ 7.Bd2 Bxd2+ 8.Qxd2 a5
9.bxc4 b4 10.e4 Ne7 11.Be2 O-O 12.O-O Nd7 13.Rd1 Ba6 14.Qc2 Qc7 15.Nbd2 e5
16.Nb3 exd4 17.Nfxd4 Rad8 18.c5 Bc8 19.g3 Nf6 20.f3 h5 21.Bf1 Ng6 22.Qf2 Rfe8
23.Bg2 h4 24.g4 Bxg4 25.fxg4 Nxg4 26.Qe2 Qxh2+ 27.Kf1 N6e5 28.Nf3 Qf4 29.Kg1 h3
30.Nxe5 Qh2+ 31.Kf1 hxg2+  0-1

[Event "HUN-chT2 9798"]
[Site "HUN"]
[Date "1997.??.??"]
[Round "?"]
[White "Paszler, Jozsef"]
[Black "Bugyinszki, Istvan"]
[Result "0-1"]
[WhiteElo "2280"]
[BlackElo "2285"]

1.d4 d5 2.Nf3 c6 3.c4 dxc4 4.e4 b5 5.a4 e6 6.b3 Bb4+ 7.Bd2 Bxd2+ 8.Qxd2 a5
9.bxc4 b4 10.Bd3 Nd7 11.O-O Ne7 12.Qe3 O-O 13.Nbd2 Qc7 14.e5 f5 15.g4 c5
16.Ng5 cxd4 17.Qh3 h6 18.Nxe6 Qxe5 19.Nxf8 Nxf8 20.Rae1 Qf6 21.Qf3 Ra7 22.gxf5 Qg5+
23.Kh1 Qxd2 24.Rg1 Nxf5 25.Re8 Bb7 26.Be4 Bxe4 27.Qxe4 Rf7 28.Qd5 g5 29.Rge1 Ne3
30.R1xe3 dxe3  0-1

[Event "HUN-chT 9798"]
[Site "Hungary"]
[Date "1997.??.??"]
[Round "?"]
[White "Lorincz, Istvan"]
[Black "Gemesi, Andras"]
[Result "1/2-1/2"]
[WhiteElo "2360"]
[BlackElo "2210"]

1.d4 d5 2.Nf3 Nf6 3.c4 c6 4.Qb3 dxc4 5.Qxc4 Bf5 6.Nc3 e6 7.g3 h6 8.Bg2 Be7
9.O-O O-O 10.Ne5 Nbd7 11.e4 Bh7 12.Qe2 Nxe5 13.dxe5 Nd7 14.f4 Qa5 15.Bd2 Qb6+
16.Kh1 Rad8 17.Be3 Qa5 18.a3 Qc7 19.b4 a5 20.Rab1 axb4 21.axb4 c5 22.bxc5 Nxc5
23.Qc4 Rc8 24.Rfc1 Qb8 25.Qb5 Rfd8 26.Rd1 Qc7 27.h3 Qc6 28.Rxd8+ Rxd8 29.Bxc5 Bxc5
30.Qxb7 Qxb7 31.Rxb7 Rd3 32.Rb8+  1/2-1/2